1292 1599 1776 1803 1586 1869 1966 1082 1927 1533 1081 1659 1857 1599 1360 1618 1135 1882 1013 1810 1202 1843 1609 1748 1315 1104 1638 1968 1245 1843 1921 1257 1676 1967 1823 1288 1455 1192 1055 1599 1220 1767 1466 1352 1301 1317 1655 1277 1714 1019 1021 1562 1438 1540 1695 1864 1842 1773 1366 1020 1320 1889 1913 1305 1411 1163 1632 1909 1480 1564 1587 1089 1058 1737 1987 1091 1094 1282 1146 1634 1912 1990 1523 1614 1346 1178 1605 1361 1129 1088 1855 1424 1160 1957 1292 1864 1388 1748 1751 BCNSPRNW ULIB Ver.6.0+V

เปลี่ยนเป็นภาษาไทย

Change to English
 แสดงรายละเอียดบรรณานุกรม
  กลับหน้าหลัก

Brief Record : Get Marc (ISO 2709) : E-mail record : QR code < ปิดหน้าต่าง
LEADER : 00000nam 2200000uu 4500
001    13399122332
003     ULIB
008    130213s2555||||th 000 0 tha d
099    ^aวจ.WB537^bส984ก
100    ^aโสภา ลี้ศิริวัฒกุล, คณิสร แก้วดง และวิภารัตน์ ภิบาลวงษ์
245    ^aการเปรียบเทียบประสิทธิผลของการนวดเพื่อผ่อนคลายแบบนวดโดยใช้น้ำมันไพลกับนวดดั้งเดิมในผู้ที่มีปัญหาปวดไหล่ และคอ /^cโดยโสภา ลี้ศิริวัฒกุล, คณิสร แก้วดง และวิภารัตน์ ภิบาลวงษ์
260    ^aจันทบุรี :^bวิทยาลัยพยาบาลนี พระปกเกล้า จันทบุรี,^c2555
300    ^a57 แผ่น
650    ^aการนวด
650    ^aการนวด^xปวดไหล่
700    ^aคณิสร แก้วดง,^eผู้วิจัยร่วม
700    ^aวิภารัตน์ ภิบาลวงษ์,^eผู้วิจัยร่วม
945    ^p0^l0^i033574
999    ^aเกษร โพธิ์สุวรรณ
รายการนี้ยังไม่มีแท็ก
คุณยังไม่ได้ล็อกอิน คุณสามารถมีกิจกรรมร่วมกับเว็บไซต์ได้ แต่ต้องล็อกอินก่อน ::
  ล็อกอิน

รายการสื่อสารสนเทศ

ลำดับที่ ประเภท เลขเรียก/บาร์โค้ด สถานที่ สถานะ
1. งานวิจัย
งานวิจัย
วจ.WB537 ส984ก  
  Barcode: 033574
ห้องสมุดวิทยาเขตสวรรค์ประชารักษ์
►วิจัย
บนชั้น

รายการใกล้เคียง
    หัวเรื่อง [การนวด]

BibComment


ยังไม่เคยถูกคอมเมนท์

คอมเมนท์ทรัพยากรรายการนี้
  คอมเมนท์: การเปรียบเทียบปร..


 Copyright 2026. Bcnsprnw @Library